| 000 | 01712cam a2200433 i 4500 | ||
|---|---|---|---|
| 001 | 200464052 | ||
| 003 | TR-AnTOB | ||
| 005 | 20250304105815.0 | ||
| 007 | ta | ||
| 008 | 250304s2015 tu a b 000 0 tur c | ||
| 010 | _a 2017349722 | ||
| 020 |
_a9789751801869 _q(paperback) |
||
| 020 |
_a9751801869 _q(paperback) |
||
| 035 | _a(OCoLC)on1001440075 | ||
| 035 | _a(TR-AnTOB)200464052 | ||
| 040 |
_aPUL _beng _erda _cPUL _dOCLCO _dOCLCF _dDLC _dTR-AnTOB |
||
| 041 | 0 | _atur | |
| 043 | _aa-tu--- | ||
| 050 | 0 | 4 |
_aDS51.O33 _bV3733 2015 |
| 090 |
_aDS51.O33 _bV3733 2015 |
||
| 100 | 1 |
_aVardar, Serdar _eauthor _9148309 |
|
| 245 | 1 | 0 |
_aKüçük Menderes havzası doğu bölümünde paleocoğrafya araştırmaları : _b(Ödemiş ovasında jeoarkeolojik değerlendirmeler) / _cSerdar Vardar. |
| 246 | 1 | 0 | _aÖdemiş ovasında jeoarkeolojik değerlendirmeler |
| 250 | _aBirinci basım. | ||
| 264 | 1 |
_aİzmir : _bİzmir Büyükşehir Belediyesi, _c2015. |
|
| 300 |
_a368 pages, 10 folded leaves : _billustrations ; _c29 cm |
||
| 336 |
_atext _btxt _2rdacontent |
||
| 337 |
_aunmediated _bn _2rdamedia |
||
| 338 |
_avolume _bnc _2rdacarrier |
||
| 490 | 0 |
_aİzmir Büyükşehir Belediyesi Kent Kitaplığı ; _v107 |
|
| 504 | _aBIB | ||
| 650 | 7 |
_aArkeolojik jeoloji _zTürkiye _zÖdemiş (İzmir İli) _2etuturkob _9148310 |
|
| 650 | 7 |
_aPaleocoğrafya _zTürkiye _zKüçük Menderes Nehri Vadisi _2etuturkob _9148311 |
|
| 651 | 7 |
_aÖdemiş (İzmir İli, Türkiye) _xGezi ve tanıtım _2etuturkob _9148312 |
|
| 651 | 7 |
_aKüçük Menderes Nehri Vadisi (Türkiye) _xGezi ve tanıtım _2etuturkob _9148313 |
|
| 710 | 2 |
_aİzmir Büyükşehir Belediyesi _eissuing body _9123606 |
|
| 942 |
_2lcc _cBK |
||
| 999 |
_c200464052 _d82264 |
||